[Event "11th EUR-ch"]
[Site "Rijeka CRO"]
[Date "2010.03.15"]
[Round "9"]
[White "Rakhmanov, Alexander"]
[Black "Levin, Evgeny"]
[Result "0-1"]
[WhiteElo "2584"]
[BlackElo "2486"]
[EventDate "2010.03.06"]
[PlyCount "108"]

1.d4 Nf6 2.Bg5 e6 3.Nf3 h6 4.Bxf6 Qxf6 5.e4 d6 6.Nc3 Nd7 7.Qd2 c6 8.O-O-O 
Be7 9.e5 dxe5 10.dxe5 Nxe5 11.Ne4 Qf5 12.Nd6+ Bxd6 13.Qxd6 Nd7 14.Bd3 Qc5 
15.Qg3 O-O 16.Rhe1 Nf6 17.Ne5 a5 18.Qh4 Nd5 19.Qe4 Nf6 20.Qf3 a4 21.a3 Ra5
22.g4 Nd7 23.Nc4 Qg5+ 24.Kb1 Rd5 25.Qg3 Nc5 26.h4 Qd8 27.Ne3 Rd4 28.g5 h5 
29.Be2 Ne4 30.Qe5 c5 31.c3 Nd2+ 32.Kc2 Rd7 33.Bxh5 b6 34.Nf1 Nc4 35.Qf4 b5
36.Be2 e5 37.Qg3 Rxd1 38.Rxd1 Bf5+ 39.Kc1 Qe7 40.Bxc4 bxc4 41.Ne3 Bd3 42.
Qg2 Qc7 43.Nd5 Qb8 44.Nf6+ Kh8 45.Qf3 gxf6 46.Rxd3 cxd3 47.Qh5+ Kg8 48.
gxf6 d2+ 49.Kb1 Rd8 50.Qg4+ Kf8 51.Qg7+ Ke8 52.Qg8+ Kd7 53.Qxf7+ Kc6 54.
Qe6+ Rd6 0-1

[Event "11th EUR-ch"]
[Site "Rijeka CRO"]
[Date "2010.03.15"]
[Round "9"]
[White "Pavasovic, Dusko"]
[Black "Carlsson, Pontus"]
[Result "1/2-1/2"]
[WhiteElo "2579"]
[BlackElo "2478"]
[EventDate "2010.03.06"]
[PlyCount "107"]

1.e4 c5 2.c3 d5 3.exd5 Qxd5 4.d4 Nf6 5.Nf3 e6 6.Bd3 Be7 7.Be3 Nc6 8.O-O 
O-O 9.dxc5 Rd8 10.Bc2 Qxd1 11.Rxd1 Rxd1+ 12.Bxd1 Ng4 13.Bf4 Bxc5 14.Bg3 f6
15.Nbd2 e5 16.Ne4 Be7 17.Bb3+ Kf8 18.Rd1 Bf5 19.Nfd2 Rd8 20.h3 Nh6 21.f3 
Na5 22.Bc2 Be6 23.b4 Nc6 24.Nb3 Rxd1+ 25.Bxd1 b6 26.Be2 Nf5 27.Bf2 Nd6 28.
Ned2 Ke8 29.a4 Kd8 30.a5 Kc7 31.g4 bxa5 32.b5 Bxb3 33.Nxb3 a4 34.Nc5 Na5 
35.Nxa4 Nc8 36.Bd3 g6 37.h4 Nb6 38.Nc5 Nd5 39.Na6+ Kc8 40.h5 Nf4 41.hxg6 
hxg6 42.Bf1 Kb7 43.Nc5+ Bxc5 44.Bxc5 Nb3 45.Be3 Nd5 46.Bc4 Nxe3 47.Bxb3 f5
48.Kf2 f4 49.g5 Kb6 50.Bf7 Nd1+ 51.Ke2 Nxc3+ 52.Kd3 Nxb5 53.Bxg6 Nd6 54.
Bh7 1/2-1/2

[Event "11th EUR-ch"]
[Site "Rijeka CRO"]
[Date "2010.03.15"]
[Round "9"]
[White "Arutinian, David"]
[Black "Maiwald, Jens-Uwe"]
[Result "1/2-1/2"]
[WhiteElo "2576"]
[BlackElo "2474"]
[EventDate "2010.03.06"]
[PlyCount "39"]

1.d4 d5 2.c4 dxc4 3.Nf3 Nf6 4.e3 Bg4 5.Bxc4 e6 6.h3 Bh5 7.Nc3 Nc6 8.g4 Bg6
9.Nh4 Qd7 10.Bd2 O-O-O 11.Qa4 Nd5 12.Nxg6 hxg6 13.Bb5 a6 14.Bxc6 Qxc6 15.
Qxc6 bxc6 16.Rc1 c5 17.Nxd5 Rxd5 18.dxc5 Rxc5 19.Bc3 Be7 20.Kd2 1/2-1/2

[Event "11th EUR-ch"]
[Site "Rijeka CRO"]
[Date "2010.03.15"]
[Round "9"]
[White "Chirila, Ioan-Cristian"]
[Black "Hera, Imre jr"]
[Result "1/2-1/2"]
[WhiteElo "2487"]
[BlackElo "2574"]
[EventDate "2010.03.06"]
[PlyCount "116"]

1.e4 e5 2.Nf3 Nf6 3.d4 Nxe4 4.Bd3 d5 5.dxe5 Be7 6.O-O Nc5 7.Be2 O-O 8.Nc3 
c6 9.Bf4 f6 10.Bg3 Nbd7 11.Nxd5 cxd5 12.Qxd5+ Kh8 13.b4 Na4 14.Qb3 Nab6 
15.e6 Ne5 16.Rfd1 Qc7 17.Nd4 a5 18.f4 Ng6 19.f5 Ne5 20.c3 Nbc4 21.a4 Nd6 
22.Qd5 axb4 23.cxb4 Qb6 24.a5 Qa7 25.b5 Nxf5 26.b6 Nxd4 27.Rxd4 Qb8 28.Rc1
Re8 29.Bg4 h5 30.Bh3 Bxe6 31.Bxe6 Rd8 32.Qe4 Rxd4 33.Qxd4 Qd6 34.Qxd6 Bxd6
35.Ra1 Bb4 36.a6 Rxa6 37.Rxa6 bxa6 38.b7 Bd6 39.Bf2 g6 40.Bb6 Kg7 41.Kf2 
f5 42.Bd8 Nc6 43.Bg5 a5 44.Bd7 Ne5 45.Be7 Bb8 46.Be8 Ng4+ 47.Ke2 Nxh2 48.
Kd3 Ng4 49.Kc4 Nf6 50.Bc6 Kf7 51.Bd8 g5 52.Kb5 a4 53.Kxa4 Ke6 54.Kb5 g4 
55.Kc4 h4 56.Kd3 h3 57.gxh3 gxh3 58.Bxf6 Kxf6 1/2-1/2

[Event "11th EUR-ch"]
[Site "Rijeka CRO"]
[Date "2010.03.15"]
[Round "9"]
[White "Kovacevic, Aleksandar"]
[Black "Neubauer, Martin"]
[Result "1/2-1/2"]
[WhiteElo "2574"]
[BlackElo "2465"]
[EventDate "2010.03.06"]
[PlyCount "78"]

1.e4 e5 2.Nf3 Nc6 3.Bb5 Nf6 4.d3 Bc5 5.O-O Nd4 6.Nxd4 Bxd4 7.Nd2 c6 8.Ba4 
Bb6 9.Nc4 Bc7 10.Bb3 O-O 11.Bg5 h6 12.Bh4 g5 13.Bg3 d6 14.Ne3 h5 15.h4 Ng4
16.hxg5 Qxg5 17.Nxg4 hxg4 18.d4 Bb6 19.c3 Kg7 20.Qd3 f5 21.exf5 Bxf5 22.
Qe3 Qh5 23.f3 Rae8 24.Qd2 c5 25.fxg4 Qxg4 26.dxc5 Bxc5+ 27.Bf2 Be4 28.Bxc5
dxc5 29.Rxf8 Rxf8 30.Re1 Rf4 31.Re3 Qf5 32.Rg3+ Rg4 33.Qe3 Qg6 34.Rxg4 
Qxg4 35.Qf2 Qf4 36.Qxc5 Qc1+ 37.Kh2 Qh6+ 38.Kg1 Qc1+ 39.Kh2 Qh6+ 1/2-1/2

[Event "11th EUR-ch"]
[Site "Rijeka CRO"]
[Date "2010.03.15"]
[Round "9"]
[White "Mastrovasilis, Dimitrios"]
[Black "Dvirnyy, Danyyil"]
[Result "1-0"]
[WhiteElo "2574"]
[BlackElo "2450"]
[EventDate "2010.03.06"]
[PlyCount "81"]

1.e4 c5 2.Nf3 d6 3.d4 cxd4 4.Nxd4 Nf6 5.f3 e5 6.Nb3 Be7 7.c4 O-O 8.Be3 Be6
9.Nc3 Nbd7 10.Be2 Qb8 11.O-O Rc8 12.Nd5 Bd8 13.Qd2 Bxd5 14.cxd5 Bb6 15.
Bxb6 Nxb6 16.Na5 Qc7 17.Rac1 Qe7 18.g3 h6 19.Kg2 Rab8 20.b3 Kh7 21.h4 g6 
22.Rxc8 Rxc8 23.Rc1 Rc7 24.Rc3 Qd8 25.Qc1 Rxc3 26.Qxc3 Kg7 27.Nxb7 Qb8 28.
Qc6 Nc8 29.Ba6 g5 30.hxg5 hxg5 31.g4 Ng8 32.Nd8 Qb4 33.Qxc8 Qd2+ 34.Kf1 
Qd1+ 35.Kf2 Qd4+ 36.Ke2 Ne7 37.Qc7 Qb2+ 38.Kd1 Qb1+ 39.Qc1 Qxa2 40.Bc4 Ng6
41.Qxg5 1-0

[Event "11th EUR-ch"]
[Site "Rijeka CRO"]
[Date "2010.03.15"]
[Round "9"]
[White "Nigalidze, Gaioz"]
[Black "Sulskis, Sarunas"]
[Result "1/2-1/2"]
[WhiteElo "2486"]
[BlackElo "2572"]
[EventDate "2010.03.06"]
[PlyCount "119"]

1.d4 Nf6 2.c4 e6 3.Nf3 d5 4.Nc3 c6 5.Bg5 h6 6.Bxf6 Qxf6 7.e3 Nd7 8.Bd3 
dxc4 9.Bxc4 g6 10.O-O Bg7 11.e4 e5 12.d5 O-O 13.Rc1 Nb6 14.Bb3 Bg4 15.h3 
Bxf3 16.Qxf3 Qxf3 17.gxf3 Rfc8 18.dxc6 Rxc6 19.Nd5 Bf8 20.Rxc6 bxc6 21.Ne3
a5 22.Rc1 a4 23.Bc4 h5 24.Be2 c5 25.a3 Rd8 26.Rc2 Be7 27.Kf1 Rd4 28.Bb5 
Kf8 29.Ke2 Rd8 30.Nd1 Rd4 31.Ne3 Rd8 32.Bc6 Rc8 33.Bd5 Rb8 34.Kd3 f5 35.
Bc6 Rc8 36.Bb5 Rd8+ 37.Ke2 fxe4 38.fxe4 Kg7 39.Bc6 Rc8 40.Bb7 Rb8 41.Bc6 
c4 42.Bb5 Bc5 43.Nd1 Bd4 44.Bxc4 Nxc4 45.Rxc4 Rb3 46.Rxa4 Rxh3 47.Rb4 h4 
48.a4 Rh1 49.a5 h3 50.Rb3 g5 51.a6 Kg6 52.Rd3 h2 53.Rh3 g4 54.Rh8 Kg5 55.
b4 Kf4 56.Rh4 Kg5 57.Rh7 Kf4 58.Rh4 Kg5 59.Rh7 Kf4 60.Rh4 1/2-1/2

[Event "11th EUR-ch"]
[Site "Rijeka CRO"]
[Date "2010.03.15"]
[Round "9"]
[White "Ruck, Robert"]
[Black "Gutov, Andrey"]
[Result "1-0"]
[WhiteElo "2570"]
[BlackElo "2437"]
[EventDate "2010.03.06"]
[PlyCount "89"]

1.Nf3 Nf6 2.c4 e6 3.g3 d5 4.d4 dxc4 5.Bg2 Nc6 6.Qa4 Bb4+ 7.Bd2 Nd5 8.Bxb4 
Nxb4 9.O-O a6 10.Ne5 O-O 11.Nxc6 Nxc6 12.Bxc6 bxc6 13.Qxc4 Rb8 14.Qc3 e5 
15.dxe5 Bh3 16.Re1 Qd5 17.e4 Qb5 18.b3 Rfe8 19.Na3 Qxe5 20.Qxe5 Rxe5 21.
Nc4 Rc5 22.Rac1 Be6 23.Nb2 Ra5 24.Na4 Kf8 25.Red1 Rb4 26.f3 Ke8 27.Rd2 Rh5
28.Rxc6 Bd7 29.Rc5 Rh6 30.Re5+ Re6 31.Rxe6+ fxe6 32.Nc5 Bc8 33.Kf2 Rb6 34.
Ke3 Rc6 35.Rc2 Rd6 36.Nd3 Kd8 37.Ne5 Rd1 38.h4 Rg1 39.Kf4 h6 40.Rd2+ Ke8 
41.Rc2 Kd8 42.g4 Rh1 43.h5 Rg1 44.Nc6+ Ke8 45.Nd4 1-0

[Event "11th EUR-ch"]
[Site "Rijeka CRO"]
[Date "2010.03.15"]
[Round "9"]
[White "Saric, Ante"]
[Black "Gajewski, Grzegorz"]
[Result "1/2-1/2"]
[WhiteElo "2483"]
[BlackElo "2567"]
[EventDate "2010.03.06"]
[PlyCount "82"]

1.Nf3 c5 2.c4 Nf6 3.Nc3 e6 4.e4 Nc6 5.Be2 Qc7 6.d4 cxd4 7.Nxd4 Nxd4 8.Qxd4
Bc5 9.Qd3 b6 10.Be3 Ba6 11.Bxc5 Qxc5 12.Rd1 Rc8 13.b3 Ke7 14.O-O g5 15.
Rfe1 d6 16.Bf1 Rhd8 17.Qg3 h6 18.e5 dxe5 19.Rxe5 Qc7 20.Rde1 Kf8 21.h4 Nd7
22.R5e3 Qxg3 23.Rxg3 gxh4 24.Rh3 Nf6 25.Rxh4 h5 26.Ne4 Nxe4 27.Rexe4 Ke7 
28.Rxh5 Bb7 29.Re2 Rd1 30.Rhe5 Ra1 31.a4 Rd8 32.Re1 Rdd1 33.Rxd1 Rxd1 34.
f3 Kd6 35.Re3 Kc5 36.a5 Kb4 37.axb6 axb6 38.Kf2 Rb1 39.Rd3 Bc6 40.Rd6 Kc5 
41.Rd3 Kb4 1/2-1/2

[Event "11th EUR-ch"]
[Site "Rijeka CRO"]
[Date "2010.03.15"]
[Round "9"]
[White "Grigorian, Avetik"]
[Black "Smirnov, Artem"]
[Result "1-0"]
[WhiteElo "2565"]
[BlackElo "2435"]
[EventDate "2010.03.06"]
[PlyCount "137"]

1.d4 Nf6 2.c4 e6 3.Nf3 b6 4.g3 Bb7 5.Bg2 Be7 6.O-O O-O 7.Re1 d5 8.cxd5 
exd5 9.Nc3 Na6 10.Bf4 Ne4 11.Qa4 c5 12.Rad1 Qe8 13.Qc2 Rc8 14.Bh3 Rd8 15.
dxc5 Nxc3 16.Qxc3 bxc5 17.e3 Qa4 18.Bg2 Rfe8 19.h4 h6 20.a3 c4 21.Be5 Bf8 
22.Bd4 Nc7 23.Rd2 Nb5 24.Qc1 Bc8 25.Bc3 Bf5 26.Nd4 Nxc3 27.Qxc3 Bd3 28.Bf1
Be4 29.Ne2 Be7 30.Qc1 Bf6 31.Nc3 Qa5 32.Nxe4 dxe4 33.Rc2 c3 34.bxc3 Rc8 
35.c4 Qc5 36.Rd1 Red8 37.Rcd2 Rxd2 38.Rxd2 Rd8 39.a4 Rxd2 40.Qxd2 Be7 41.
Qd7 g6 42.Bg2 Kf8 43.Bxe4 Qxc4 44.Bd5 Qc5 45.h5 Qd6 46.Qc8+ Kg7 47.Qc4 Qc5
48.Bxf7 Qxh5 49.Be8 Qf5 50.Qd4+ Qf6 51.Qxa7 h5 52.Qd7 Kh6 53.Kg2 Bb4 54.
Qf7 Qxf7 55.Bxf7 Kg7 56.Be8 Kf6 57.f4 Be1 58.Kf3 Ba5 59.e4 Be1 60.e5+ Kg7 
61.g4 hxg4+ 62.Kxg4 Ba5 63.Kf3 Bc3 64.Ke4 Bb4 65.Kd5 Bd2 66.Ke6 Bxf4 67.a5
g5 68.a6 Be3 69.Bh5 1-0

[Event "11th EUR-ch"]
[Site "Rijeka CRO"]
[Date "2010.03.15"]
[Round "9"]
[White "Evdokimov, Alexander"]
[Black "Hamitevici, Vladimir"]
[Result "1-0"]
[WhiteElo "2564"]
[BlackElo "2401"]
[EventDate "2010.03.06"]
[PlyCount "151"]

1.d4 Nf6 2.c4 c5 3.d5 b5 4.Nf3 g6 5.cxb5 a6 6.b6 d6 7.Nc3 Nbd7 8.e4 Bg7 9.
Be2 Rb8 10.O-O O-O 11.Bf4 Nxb6 12.h3 Nfd7 13.Qd2 Na8 14.Bh6 Nc7 15.Bxg7 
Kxg7 16.Rfe1 f6 17.Rab1 Ne5 18.Nh2 g5 19.Nf1 Bd7 20.Ng3 Ng6 21.Nd1 Nb5 22.
Ne3 Nd4 23.b4 Nf4 24.Bg4 Bb5 25.Ngf5+ Nxf5 26.Nxf5+ Kh8 27.bxc5 dxc5 28.
Qc3 Qc7 29.a4 Bxa4 30.Rxb8 Qxb8 31.Qxc5 e6 32.dxe6 Nxe6 33.Qc4 Bd7 34.Qxa6
Ng7 35.Ne3 Qb4 36.Nc2 Qc5 37.Ne3 Qb4 38.Nc2 Qc5 39.Qd3 f5 40.exf5 Bxf5 41.
Bxf5 Qxf5 42.Qd2 Qf6 43.Ne3 Rd8 44.Qa5 Re8 45.Rd1 h6 46.Ng4 Qg6 47.Qc3 h5 
48.Ne3 Re7 49.Rd8+ Kh7 50.Rb8 Qe4 51.Rb5 g4 52.hxg4 hxg4 53.Rb4 Qe5 54.
Qxe5 Rxe5 55.Rxg4 Ne6 56.g3 Ng7 57.Kg2 Re6 58.Rg5 Rg6 59.Rxg6 Kxg6 60.f4 
Kf7 61.Kf3 Ne6 62.g4 Nd4+ 63.Ke4 Ne6 64.Nd5 Kg7 65.g5 Nc5+ 66.Kf5 Nb3 67.
Ke5 Nc1 68.Ke4 Kg6 69.Ne7+ Kf7 70.Nc6 Ne2 71.f5 Kg7 72.Ne5 Ng3+ 73.Kf4 
Ne2+ 74.Kg4 Nc3 75.f6+ Kf8 76.g6 1-0

[Event "11th EUR-ch"]
[Site "Rijeka CRO"]
[Date "2010.03.15"]
[Round "9"]
[White "Shimanov, Alexander"]
[Black "Morchiashvili, Bachana"]
[Result "1-0"]
[WhiteElo "2553"]
[BlackElo "2345"]
[EventDate "2010.03.06"]
[PlyCount "73"]

1.d4 d5 2.Nf3 Nf6 3.c4 e6 4.g3 Bb4+ 5.Bd2 Be7 6.Bg2 c6 7.Qc2 b6 8.O-O Ba6 
9.b3 Nbd7 10.Bf4 O-O 11.Rd1 Rc8 12.Nc3 Qe8 13.h3 c5 14.cxd5 cxd4 15.dxe6 
fxe6 16.Rxd4 e5 17.Nxe5 Bc5 18.Nf3 Bxd4 19.Nxd4 Nc5 20.Nf5 Qe6 21.g4 Bb7 
22.f3 Rfd8 23.Qb2 Ne8 24.Nb5 Rd7 25.Nxa7 Rcd8 26.Nb5 Ba6 27.Nc3 Qf6 28.Re1
Ne6 29.Be3 Nd6 30.Nxd6 Rxd6 31.Qa3 Qe5 32.Kf2 Bb7 33.Qb4 h5 34.Qb5 Bd5 35.
Nxd5 Rxd5 36.Qc4 b5 37.Qb4 1-0

[Event "11th EUR-ch"]
[Site "Rijeka CRO"]
[Date "2010.03.15"]
[Round "9"]
[White "Brunello, Sabino"]
[Black "Cvitan, Ognjen"]
[Result "1-0"]
[WhiteElo "2476"]
[BlackElo "2550"]
[EventDate "2010.03.06"]
[PlyCount "135"]

1.d4 Nf6 2.c4 e6 3.g3 c5 4.d5 exd5 5.cxd5 d6 6.Nc3 g6 7.Bg2 Bg7 8.Nf3 O-O 
9.O-O Re8 10.Nd2 a6 11.a4 Nbd7 12.a5 Rb8 13.Nc4 Ne5 14.Nb6 Ned7 15.Nc4 Ne5
16.Nb6 Ned7 17.Nxc8 Qxc8 18.Qc2 b5 19.axb6 Rxb6 20.Rd1 h6 21.e3 Re7 22.Bf1
Ne8 23.Nb1 Ne5 24.Na3 Rb4 25.Nc4 Nxc4 26.Bxc4 Ra7 27.Ra2 Nf6 28.Bd2 Rb6 
29.Ba5 Rb8 30.Bc3 Ng4 31.Rda1 Bxc3 32.bxc3 Ne5 33.Be2 c4 34.f4 Nd7 35.Qe4 
Nc5 36.Qxc4 Re7 37.Bf1 Rxe3 38.Qd4 Qe8 39.Qf6 Ne4 40.Qd4 Nc5 41.Qf6 Re1 
42.Rxe1 Qxe1 43.Re2 Qd1 44.f5 gxf5 45.Qxd6 Rb1 46.Re8+ Kh7 47.Qf4 Qxd5 48.
Re5 Rxf1+ 49.Kxf1 Qh1+ 50.Ke2 Qxh2+ 51.Kd1 Qg1+ 52.Kc2 Qg2+ 53.Kb1 Qb7+ 
54.Ka1 Ne6 55.Qxf5+ Kg7 56.Qg4+ Ng5 57.Rf5 Kg6 58.Rf4 Qd5 59.Qe2 a5 60.Kb2
f5 61.g4 fxg4 62.Qe8+ Kg7 63.Qf8+ Kh7 64.Qe7+ Kg6 65.Rf6+ Kh5 66.Qe8+ Kh4 
67.Rxh6+ Kg3 68.Qe1+ 1-0

[Event "11th EUR-ch"]
[Site "Rijeka CRO"]
[Date "2010.03.15"]
[Round "9"]
[White "Iakemov, Vladimir"]
[Black "Nikolov, Momchil"]
[Result "0-1"]
[WhiteElo "2463"]
[BlackElo "2550"]
[EventDate "2010.03.06"]
[PlyCount "118"]

1.e4 c5 2.c3 Nf6 3.e5 Nd5 4.d4 cxd4 5.Nf3 e6 6.cxd4 d6 7.Bc4 Nb6 8.Bd3 
dxe5 9.dxe5 Na6 10.Bg5 Be7 11.Bxe7 Qxe7 12.O-O Bd7 13.Nc3 Rd8 14.Ne4 O-O 
15.Nd4 Ba4 16.Qh5 h6 17.Nd6 Nc5 18.Bb5 Bxb5 19.N4xb5 a6 20.Nc3 Nd3 21.Nce4
Nf4 22.Qg4 Nfd5 23.Qg3 Nc8 24.Rfd1 f5 25.Nxc8 Rxc8 26.Nd6 Rc2 27.Qb3 Qc7 
28.Rab1 Qc5 29.Rf1 b5 30.a4 b4 31.Rbd1 Re2 32.Rde1 Rc2 33.Rd1 Kh7 34.h4 
Nf4 35.Rde1 Qc6 36.Qg3 Ne2+ 37.Rxe2 Rxe2 38.h5 Kg8 39.f4 Rxb2 40.Qg6 Qd7 
41.Kh2 Rc2 42.Rb1 Rb8 43.Qg3 Qxa4 44.Qg6 Qd7 45.Qg3 a5 46.Nxf5 Rxg2+ 47.
Qxg2 exf5 48.Qa2+ Qf7 49.Qe2 Qe6 50.Rc1 Qe7 51.Kg1 b3 52.Qc4+ Kh8 53.Rb1 
b2 54.Qc2 Qb4 55.Qxf5 a4 56.e6 a3 57.Qd5 Qxf4 58.Kg2 Qg5+ 59.Qxg5 hxg5 0-1

[Event "11th EUR-ch"]
[Site "Rijeka CRO"]
[Date "2010.03.15"]
[Round "9"]
[White "Djurovic, Goran"]
[Black "Zelcic, Robert"]
[Result "0-1"]
[WhiteElo "2276"]
[BlackElo "2547"]
[EventDate "2010.03.06"]
[PlyCount "60"]

1.Nf3 Nf6 2.c4 c5 3.Nc3 Nc6 4.e3 g6 5.d4 cxd4 6.Nxd4 Bg7 7.Be2 O-O 8.O-O 
Nxd4 9.Qxd4 d6 10.Qd3 Be6 11.Bf3 Rc8 12.Bd5 Nd7 13.Bxe6 fxe6 14.Qe4 Nc5 
15.Qc2 Nd7 16.Qe4 Ne5 17.Qxb7 a5 18.Rb1 Rxc4 19.Bd2 d5 20.e4 d4 21.Nd1 Qd6
22.Qb3 a4 23.Qg3 Rc2 24.Bf4 Re2 25.Bxe5 Qxe5 26.Qa3 Qxe4 27.Rc1 Re1 28.g3 
Bh6 29.f4 Qe2 30.Nf2 Qxf1# 0-1

[Event "11th EUR-ch"]
[Site "Rijeka CRO"]
[Date "2010.03.15"]
[Round "9"]
[White "Pavlidis, Anastasios"]
[Black "Neverov, Valeriy"]
[Result "0-1"]
[WhiteElo "2338"]
[BlackElo "2542"]
[EventDate "2010.03.06"]
[PlyCount "37"]

1.d4 Nf6 2.c4 e6 3.Nf3 b6 4.a3 Bb7 5.Nc3 g6 6.Qc2 Bg7 7.e4 d6 8.Be2 Nbd7 
9.O-O O-O 10.Bg5 h6 11.Bd2 Qe7 12.Rfe1 g5 13.d5 c5 14.h3 Rae8 15.Nh2 Ne5 
16.Bf1 Nfd7 17.g3 Kh8 18.b3 Rg8 19.Bg2 0-1

[Event "11th EUR-ch"]
[Site "Rijeka CRO"]
[Date "2010.03.15"]
[Round "9"]
[White "Korobov, Anton"]
[Black "Rasulov, Vugar Ural Oglu"]
[Result "1-0"]
[WhiteElo "2663"]
[BlackElo "2457"]
[EventDate "2010.03.06"]
[PlyCount "93"]

1.d4 Nf6 2.c4 c5 3.d5 b5 4.cxb5 a6 5.bxa6 Bxa6 6.Nc3 g6 7.Nf3 d6 8.g3 Bg7 
9.Bg2 O-O 10.O-O Nbd7 11.Rb1 Qa5 12.Qc2 Rfb8 13.Rd1 Ne8 14.Bg5 Qd8 15.e4 
Nc7 16.h4 Ne5 17.h5 Nb5 18.Ne2 Bc8 19.a4 Nc7 20.Nxe5 Bxe5 21.b3 Ra7 22.
hxg6 hxg6 23.Bd2 Ne8 24.Bc3 Bxc3 25.Qxc3 Rb4 26.Nf4 Nf6 27.e5 dxe5 28.Nd3 
Rd4 29.Nxe5 Rxd1+ 30.Rxd1 Qd6 31.Nc4 Qd8 32.d6 Ra6 33.Qe5 exd6 34.Rxd6 
Rxd6 35.Qxd6 Qxd6 36.Nxd6 Ba6 37.Bb7 Ne8 38.Bxa6 Nxd6 39.a5 Kf8 40.Kg2 Ke7
41.Bd3 Ke6 42.a6 Nc8 43.Kf3 Ke5 44.Kg4 Kd4 45.Bc4 f6 46.Bf7 Kc3 47.Bxg6 
1-0

[Event "11th EUR-ch"]
[Site "Rijeka CRO"]
[Date "2010.03.15"]
[Round "9"]
[White "Kokarev, Dmitry"]
[Black "Zufic, Miroslav"]
[Result "1-0"]
[WhiteElo "2622"]
[BlackElo "2445"]
[EventDate "2010.03.06"]
[PlyCount "84"]

1.e4 e5 2.Nf3 Nc6 3.Bb5 a6 4.Ba4 Nf6 5.O-O Be7 6.Re1 b5 7.Bb3 d6 8.c3 O-O 
9.h3 h6 10.d4 Re8 11.Nbd2 Bf8 12.Nf1 Bb7 13.Ng3 Na5 14.Bc2 Nc4 15.b3 Nb6 
16.Bb2 c5 17.d5 c4 18.Nd2 g6 19.bxc4 bxc4 20.Rb1 Qc7 21.Ba3 Reb8 22.Ngf1 
a5 23.Rb5 Nbd7 24.Ba4 Ba6 25.Rxb8 Rxb8 26.Bc6 Nb6 27.Ne3 h5 28.Qf3 Nh7 29.
Rb1 Nc8 30.Rxb8 Qxb8 31.Qd1 Na7 32.Qa4 Nxc6 33.dxc6 Bh6 34.Qxa5 Bxe3 35.
Qxa6 Bb6 36.Qb7 Qd8 37.Nxc4 Bc7 38.Bxd6 Bxd6 39.Nxd6 Qxd6 40.c7 Qd1+ 41.
Kh2 Qc1 42.c8=Q+ Kg7 1-0

[Event "11th EUR-ch"]
[Site "Rijeka CRO"]
[Date "2010.03.15"]
[Round "9"]
[White "Kalegin, Evgeny"]
[Black "Azarov, Sergei"]
[Result "1/2-1/2"]
[WhiteElo "2456"]
[BlackElo "2621"]
[EventDate "2010.03.06"]
[PlyCount "140"]

1.e4 e5 2.Nf3 Nc6 3.Bb5 a6 4.Ba4 Nf6 5.d3 d6 6.c3 g6 7.Nbd2 Bg7 8.Nf1 O-O 
9.Ng3 b5 10.Bc2 d5 11.Qe2 Be6 12.h3 h6 13.Nh2 Qe7 14.O-O Rad8 15.Re1 d4 
16.Nf3 Nd7 17.Bd2 Nb6 18.Rec1 dxc3 19.bxc3 Rd7 20.Nf1 Rfd8 21.Ne3 f5 22.
exf5 gxf5 23.Bb3 Qf7 24.Bxe6 Qxe6 25.Ne1 e4 26.d4 Ne7 27.N1c2 Qg6 28.Nf1 
Ned5 29.f3 Nc4 30.fxe4 fxe4 31.Re1 Rf7 32.Rad1 Rdf8 33.Nce3 Nf4 34.Qg4 Nb2
35.Qxg6 Nxg6 36.Rb1 Nd3 37.Red1 Nf2 38.Rdc1 Nd3 39.Rd1 c5 40.dxc5 Nf2 41.
Re1 Nd3 42.Red1 Nge5 43.Ng3 Nxc5 44.Rf1 Rd8 45.Rxf7 Nxf7 46.Nef1 Nd6 47.
Re1 Nc4 48.Re2 Rd3 49.Nf5 Bxc3 50.Bxc3 Rxc3 51.Nxh6+ Kh7 52.Nf5 Rc1 53.Ng3
a5 54.Kh2 a4 55.Nd2 Nxd2 56.Rxd2 b4 57.Ne2 e3 58.Rd7+ Nxd7 59.Nxc1 Nf6 60.
Kg3 Nd5 61.Kf3 Nc3 62.Kxe3 Nxa2 63.Kd2 b3 64.Nxb3 axb3 65.g4 Kg6 66.h4 Kf6
67.h5 Kg5 68.Kd3 Kh6 69.Kd2 Kg5 70.Kd3 Kh6 1/2-1/2

[Event "11th EUR-ch"]
[Site "Rijeka CRO"]
[Date "2010.03.15"]
[Round "9"]
[White "Guseinov, Gadir"]
[Black "Tosic, Miroslav"]
[Result "1-0"]
[WhiteElo "2609"]
[BlackElo "2439"]
[EventDate "2010.03.06"]
[PlyCount "75"]

1.e4 c5 2.Nf3 e6 3.d4 cxd4 4.Nxd4 a6 5.Nc3 d6 6.g3 Bd7 7.Bg2 Nc6 8.O-O Nf6
9.Nb3 Qc7 10.f4 Be7 11.Kh1 Rd8 12.g4 h6 13.Qf3 Bc8 14.Qh3 Rh7 15.Be3 b5 
16.Rad1 Bb7 17.Qg3 g6 18.h3 Rd7 19.Qf2 g5 20.Bb6 Qb8 21.a4 b4 22.Nd5 exd5 
23.exd5 Nd8 24.Rfe1 Kf8 25.a5 Qc8 26.fxg5 hxg5 27.Qf5 Rh6 28.Qxg5 Ng8 29.
Qd2 Bh4 30.Rf1 Bg3 31.g5 Rh4 32.Nd4 Qc4 33.Nf5 Bf4 34.Qd4 Qxd4 35.Rxd4 Rh5
36.Rdxf4 Rxg5 37.Bxd8 Rxd8 38.Nxd6 1-0

[Event "11th EUR-ch"]
[Site "Rijeka CRO"]
[Date "2010.03.15"]
[Round "9"]
[White "Kozul, Zdenko"]
[Black "Kurmann, Oliver"]
[Result "1-0"]
[WhiteElo "2602"]
[BlackElo "2432"]
[EventDate "2010.03.06"]
[PlyCount "61"]

1.Nf3 Nf6 2.g3 d5 3.Bg2 c6 4.O-O Bg4 5.d3 Nbd7 6.Nbd2 e5 7.h3 Bh5 8.e4 Bd6
9.exd5 cxd5 10.g4 Bg6 11.Nh4 O-O 12.Nb3 Nb6 13.Nxg6 hxg6 14.a4 Bc7 15.a5 
Nc8 16.Nc5 Rb8 17.a6 b6 18.Nb7 Qd7 19.c4 Ne7 20.Qa4 Qe6 21.g5 Ne8 22.cxd5 
Nxd5 23.Re1 Ne7 24.d4 f6 25.dxe5 fxe5 26.Bf1 b5 27.Bxb5 Qxh3 28.Ra3 Qf5 
29.Bc4+ Rf7 30.Bxf7+ Qxf7 31.Be3 1-0

[Event "11th EUR-ch"]
[Site "Rijeka CRO"]
[Date "2010.03.15"]
[Round "9"]
[White "Butnorius, Algimantas"]
[Black "Bosiocic, Marin"]
[Result "1/2-1/2"]
[WhiteElo "2437"]
[BlackElo "2577"]
[EventDate "2010.03.06"]
[PlyCount "32"]

1.d4 Nf6 2.Nf3 g6 3.c4 Bg7 4.Nc3 d5 5.cxd5 Nxd5 6.Bd2 Nb6 7.Bg5 h6 8.Bh4 
c5 9.e3 Nc6 10.Bb5 cxd4 11.Nxd4 Bd7 12.Nxc6 Bxc6 13.Bxc6+ bxc6 14.Qc2 Nd5 
15.Nxd5 Qxd5 16.O-O Rb8 1/2-1/2

[Event "11th EUR-ch"]
[Site "Rijeka CRO"]
[Date "2010.03.15"]
[Round "9"]
[White "Yemelin, Vasily"]
[Black "Ris, Robert"]
[Result "1-0"]
[WhiteElo "2576"]
[BlackElo "2422"]
[EventDate "2010.03.06"]
[PlyCount "161"]

1.e4 e5 2.Nf3 Nc6 3.Bc4 Bc5 4.c3 Nf6 5.d3 d6 6.Bb3 a6 7.h3 Ba7 8.Nbd2 O-O 
9.Nf1 d5 10.Qe2 Re8 11.Bg5 d4 12.N1d2 Be6 13.O-O h6 14.Bxe6 hxg5 15.Bg4 
Nxg4 16.hxg4 dxc3 17.bxc3 Qd7 18.Rfb1 b5 19.a4 Qxg4 20.axb5 axb5 21.d4 
exd4 22.Qxb5 Qe6 23.Nxg5 Qf6 24.Ndf3 dxc3 25.e5 Rxe5 26.Rxa7 Rd8 27.Nxe5 
Nxa7 28.Qb3 c2 29.Nexf7 cxb1=Q+ 30.Qxb1 Re8 31.Qa2 Rf8 32.Nh6+ Kh8 33.
Nhf7+ Kg8 34.Nh6+ Kh8 35.Nhf7+ Kg8 36.Ne5+ Kh8 37.Ngf7+ Kg8 38.Ng5+ Kh8 
39.Ngf7+ Kg8 40.Nh6+ Kh8 41.Nhg4 Qb6 42.Nd7 Qd6 43.Nxf8 Qd1+ 44.Kh2 Qxg4 
45.Qf7 Nc6 46.Ne6 Nd4 47.Nxc7 Ne2 48.g3 Nd4 49.Qd5 Nf3+ 50.Kg2 Ng5 51.Nb5 
Qh5 52.Nd6 Qh3+ 53.Kg1 Qh5 54.Kg2 Qh3+ 55.Kg1 Qh5 56.Qxg5 Qd1+ 57.Kh2 Qxd6
58.Kh3 Kg8 59.Qf5 Qb6 60.Kg4 Qc6 61.f3 Qc1 62.Qe6+ Kh8 63.Qe8+ Kh7 64.Qh5+
Kg8 65.Qd5+ Kh8 66.Qe6 g6 67.Qf6+ Kh7 68.Qf7+ Kh8 69.Qf4 Qc6 70.Kg5 Kg7 
71.Qe5+ Kf7 72.Qf4+ Kg7 73.Qe5+ Kf7 74.f4 Qb6 75.Qd5+ Kg7 76.Qd7+ Kf8 77.
Qd5 Qa6 78.Qe5 Kf7 79.Kh6 g5+ 80.Kxg5 Kg8 81.f5 1-0

[Event "11th EUR-ch"]
[Site "Rijeka CRO"]
[Date "2010.03.15"]
[Round "9"]
[White "Azaladze, Shota"]
[Black "Jankovic, Alojzije"]
[Result "0-1"]
[WhiteElo "2433"]
[BlackElo "2569"]
[EventDate "2010.03.06"]
[PlyCount "74"]

1.Nf3 g6 2.d4 Nf6 3.g3 d5 4.c4 dxc4 5.Bg2 Bg7 6.Qa4+ Nfd7 7.O-O Nc6 8.Qxc4
Nb6 9.Qc2 O-O 10.e3 Bf5 11.e4 Bg4 12.d5 Bxf3 13.dxc6 Bxg2 14.Kxg2 bxc6 15.
Na3 Qd4 16.Rb1 f5 17.Be3 Qxe4+ 18.Qxe4 fxe4 19.Rfc1 Rf6 20.Rc2 Nd5 21.Bc5 
a5 22.Re2 Re6 23.Nc4 Nb4 24.Rd1 Kf7 25.a4 Nd3 26.Be3 Rb8 27.Rb1 c5 28.b3 
Bc3 29.Bd2 Bd4 30.Bxa5 Rf6 31.Bxc7 Rb7 32.Ba5 Nxf2 33.Be1 Nd3 34.Rxe4 e5 
35.a5 h5 36.Nd2 Nxe1+ 37.Kh3 Nf3 0-1

[Event "11th EUR-ch"]
[Site "Rijeka CRO"]
[Date "2010.03.15"]
[Round "9"]
[White "Drazic, Sinisa"]
[Black "Baron, Tal"]
[Result "1/2-1/2"]
[WhiteElo "2545"]
[BlackElo "2415"]
[EventDate "2010.03.06"]
[PlyCount "166"]

1.c4 Nf6 2.Nf3 g6 3.b4 Bg7 4.Bb2 O-O 5.e3 d6 6.d4 c5 7.a3 cxd4 8.Nxd4 a5 
9.Nd2 Bg4 10.Qb3 axb4 11.axb4 Rxa1+ 12.Bxa1 Nc6 13.h3 Bd7 14.Be2 Qb6 15.
Bc3 Nxd4 16.Bxd4 Qc7 17.O-O Ra8 18.Qb2 e5 19.Bc3 Be6 20.Ra1 Rxa1+ 21.Qxa1 
Nd7 22.Bg4 Bxg4 23.hxg4 Nb6 24.Qa5 Bf8 25.Kf1 Qc6 26.b5 Qc5 27.Bb4 Qc7 28.
Ke2 d5 29.Bxf8 Kxf8 30.Qa3+ Kg7 31.c5 Qe7 32.Qa1 Nc4 33.Nxc4 dxc4 34.c6 
bxc6 35.b6 Qc5 36.b7 Qb5 37.Qa8 c3+ 38.Kf3 c2 39.b8=Q Qxb8 40.Qxb8 c1=Q 
41.Qxe5+ Kg8 42.Kf4 Qc2 43.f3 h6 44.Qe4 Qxe4+ 45.Kxe4 Kf8 46.Kd4 Ke7 47.
Kc5 Kd7 48.e4 f6 49.f4 Kc7 50.Kc4 Kd6 51.Kd4 g5 52.g3 Ke6 53.Kc4 Kd6 54.
Kb4 Kd7 55.Kc3 Kd6 56.Kd4 Ke6 57.Kc5 Kd7 58.Kc4 Kd6 59.Kc3 Ke7 60.Kd2 Kd6 
61.Ke3 Ke6 62.Kd3 Ke7 63.Kc2 Kd6 64.Kb3 Ke6 65.Ka4 Kd6 66.Kb4 Kd7 67.Ka5 
Kc7 68.Ka6 Kd7 69.Ka5 Kc7 70.Ka4 Kd6 71.Kb3 Ke6 72.Kc3 Ke7 73.Kd4 Ke6 74.
Kc5 Kd7 75.Kb6 Kd6 76.f5 Kd7 77.Kc5 Kc7 78.Kc4 Kd7 79.Kc3 Ke7 80.Kd3 Kd7 
81.Kc4 Kc7 82.Kc5 Kd7 83.Kc4 Kc7 1/2-1/2

[Event "11th EUR-ch"]
[Site "Rijeka CRO"]
[Date "2010.03.15"]
[Round "9"]
[White "San Segundo Carrillo, Pablo"]
[Black "Schroll, Gerhard"]
[Result "1/2-1/2"]
[WhiteElo "2534"]
[BlackElo "2411"]
[EventDate "2010.03.06"]
[PlyCount "44"]

1.d4 f5 2.c4 Nf6 3.Nf3 e6 4.g3 Bb4+ 5.Bd2 Be7 6.Bg2 O-O 7.O-O d5 8.Qc2 c6 
9.Bc3 Ne4 10.Nbd2 Nxc3 11.bxc3 Nd7 12.e3 Nf6 13.Rfb1 Qc7 14.a4 Ne4 15.Qb3 
Rb8 16.Rc1 Nxd2 17.Nxd2 Qa5 18.Qa2 Rd8 19.Rab1 Bd7 20.Nb3 Qc7 21.Nd2 Qa5 
22.Rb2 Be8 1/2-1/2